| 000 | 00534nam a22001697a 4500 | ||
|---|---|---|---|
| 008 | 161126b xxu||||| |||| 00| 0 eng d | ||
| 020 | _a1582552665 | ||
| 082 |
_22004 _aDRef 616 _bH19 |
||
| 245 | _aHandbook of diseases. | ||
| 250 | _a3rd edition | ||
| 260 |
_aPhiladelphia: _bLippincott Williams & Wilkins, _cc2004. |
||
| 300 |
_ax, 979 pages: _billustrations, _c21 cm. |
||
| 500 | _aIncludes bibliographical references and index. | ||
| 650 | 0 |
_917874 _aDiseases _vHandbooks, manuals, etc. |
|
| 365 |
_b598.00 _cPhp |
||
| 942 |
_2ddc _cDREF |
||
| 999 |
_c5897 _d5897 |
||